| 000 | 02322nam2a2200325 4500 | ||
|---|---|---|---|
| 001 | RU\NLR\BIBL_A\022718293 | ||
| 005 | 20260317155354.0 | ||
| 010 | _a978-5-9228-3077-5 | ||
| 021 |
_aRU _bКН-П-25-078413 _9КН-П-25-7599 |
||
| 035 | _a(NLR Aleph) 022718293 | ||
| 090 |
_a13546604 _c13546604 |
||
| 100 | _a20260204d2026 u y0rusy50 ca | ||
| 101 | 0 | _arus | |
| 102 | _aRU | ||
| 105 | _aacbhj 001yy | ||
| 200 | 1 |
_aIX - начало XX века _d9th - early 20th centuries _fА. И. Кузнецов, А. Н. Панов, Ю. А. Райков, В. В. Самойленко _zeng |
|
| 210 | _d2026 (печ. 2025) | ||
| 215 |
_a362, [2] с. _cил., портр., карт., факс. |
||
| 300 | _aВ конце кн. авт.: Кузнецов А. И. - проф., канд. ист. наук, Панов А. Н. - проф., д-р полит. наук, Заслуж. работник дипломат. службы Рос. Федерации, Райков Ю. А. - проф., д-р ист. наук, Самойленко В. В. - проф., канд. ист. наук | ||
| 320 | _aУказ. имен в конце кн. | ||
| 461 | 0 |
_1001RU\NLR\BIBL_A\022718292 _12001#$aИстория дипломатии России$vТ. 1 _913635951 _cМосква _d2026 (печ. 2025) _fпод редакцией академика А. В. Торкунова _lHistory of Russian diplomacy _nИздательский дом МГИМО _oучебник : для студентов вузов, изучающих историю международных отношений и историю дипломатии России : в трёх томах _tИстория дипломатии России _y978-5-9228-3076-8 _vТ. 1 |
|
| 510 | 1 |
_a9th - early 20th centuries _zeng |
|
| 701 | 1 |
_7ca _8rus _aКузнецов _bА. И. _cканд. ист. наук _gАлександр Игоревич _932483 _3RU\NLR\AUTH\7749548 |
|
| 701 | 1 |
_7ca _8rus _aПанов _bА. Н. _cд-р полит. наук, дипломат _f1944- _gАлександр Николаевич _9250225 _3RU\NLR\AUTH\770250281 |
|
| 701 | 1 |
_aРайков _bЮ. А. _gЮрий Андреевич |
|
| 701 | 1 |
_aСамойленко _bВ. В. _f1947-2018 _gВиктор Васильевич |
|
| 942 | _cBOOK | ||
| 980 | _aNB | ||